000
00283nam a22001337a 4500
008
170714b xxu||||| |||| 00| 0 eng d
020
_a
0300000340
041
_a
eng
080
_a
17
100
_a
24
101
_a
FIL
245
_a
AND ESSAY ON MAN
_c
CASSIER.E
942
_2
udc
_c
BK
999
_c
20829
_d
20829